000 00740nam a2200241Ia 4500
003 OSt
005 20220925222435.0
006 a|||||r|||| 00| 0
007 ta
008 220923b |||||||| |||| 00| 0 eng d
037 _cGeneral Book
040 _aRTL
_cRTL
_beng
041 _2eng
_aeng
082 _aSigma b4, K9
100 _aStacey Margaret
_9133641
245 0 _aMethods of social research
260 _aLondon
_bPergamon press UK
_c1969
300 _ax, 173p. Bibliography P 145-52, Appendix P 143-44
_ccm.
490 _aCommonwealth and international library, social studies,
650 _aSocial Science
_911018
942 _hSigma b4, K9
_cGB
_2CC
999 _c577054
_d577054